Podział administracyjny Hiszpanii - Statystyki

Ogólne statystyki
  • Ten quiz został rozwiązany 145 razy
  • Średni wynik to 10 z 19
Statystyki odpowiedzi
Wspólnota % Poprawnych
Katalonia
91%
Madryt
80%
Kraj Basków
78%
Walencja
74%
Andaluzja
72%
Galicja
67%
Aragonia
57%
Wyspy Kanaryjskie
57%
Baleary
54%
Murcja
54%
Asturia
52%
Kastylia i León
46%
Kastylia-La Mancha
43%
Estremadura
37%
Nawarra
37%
La Rioja
33%
(Ceuta)
28%
Kantabria
26%
(Melilla)
19%
Nie znaleziono quizów pasujących do podanych kryteriów
Rozkład punktacji
Procent ludzi z każdym wynikiem
Percentyl według liczby udzielonych odpowiedzi
Twoja historia wyników
Nie rozwiązałeś tego quizu